Tous les cyclistes belges du Tour de France (2010-....) - Statistiques

Statistiques générales
  • Ce quiz a été pris 167 fois
    97 depuis la dernière actualisation
  • Le résultat moyen est 23 sur 73
Statistiques - réponses
Nb de Tours Equipes Cycliste Meilleur classement Victoire(s) d'étape % Correct
4 Jumbo-Visma Wout van Aert 19e 9
98%
8 Lotto, BMC, Quick Step Philippe Gilbert 38e 1
92%
8 BMC, CCC, AG2R Greg Van Avermaet 28e 2
88%
3 UAE Emirates, Alpecin Jasper Philipsen 92e 2
86%
1 Wanty-Groupe Gobert Aimé De Gendt 136e
75%
9 Vacansoleil, Quick Step, Lotto Thomas De Gendt 40e 2
75%
2 Lotto-Soudal Brent Van Moer 65e
73%
7 IAM, AG2R Oliver Naesen 61e
68%
3 Quick Step Yves Lampaert 80e 1
68%
1 Alpecin-Fenix Tim Merlier Abandon 1
67%
5 Lotto, Sunweb, Jumbo Tiejs Benoot 20e
65%
1 Quick Step Tom Boonen Abandon
65%
3 Bahrain Dylan Teuns 17e 2
56%
4 Lotto Tim Wellens 94e
55%
6 Lotto, Katusha Jurgen Van den Broeck 4e
51%
6 Trek-Segafredo Jasper Stuyven 39e
49%
6 RadioShack, Quick Step, AG2R, Wanty Jan Bakelants 18e 1
48%
1 Jumbo-Visma Nathan Van Hooydonck Abandon
47%
2 Lotto-Belisol Bart De Clercq 38e
45%
3 Quick Step Tim Declercq 127e
45%
4 Trek, Sunweb Edward Theuns 88e
42%
1 Lotto-Soudal Florian Vermeersch 108e
41%
1 Qhubeka Victor Campenaerts Abandon
41%
6 Sky, MTN-Qhubeka, Dimension Data, CCC Serge Pauwels 13e
39%
4 Columbia, Leopard, RadioShack, Lotto Maxime Monfort 14e
38%
5 Belkin, Jumbo, Education First Sep Vanmarcke 104e
36%
1 AG2R Stan Dewulf 65e
35%
7 Quick Step, Giant Dries Devenyns 46e
34%
1 Jumbo-Visma Laurens De Plus 23e
32%
1 Israel Start-Up Nation Ben Hermans 68e
31%
2 Lotto-Soudal Frederik Frison 131e
31%
2 Wanty, Alpecin Xandro Meurisse 21e
31%
4 Lotto-Soudal Jasper De Buyst 118e
29%
3 Lotto Jelle Vanendert 19e 1
28%
5 Orica, Lotto, Education First Jens Keukeleire 59e
28%
1 Arkéa-Samsic Amaury Capiot 85e
24%
4 Lotto, Katusha, Vital Concept Jens Debusschere 145e
22%
4 Garmin, AG2R Johan Vansummeren 30e
22%
3 Wanty, Alpecin Guillaume Van Keirsbulck 123e
21%
1 Cofidis Jelle Wallays 131e
20%
7 Lotto Jürgen Roelandts 85e
20%
1 Lotto-Soudal Steff Cras Abandon
20%
2 Quick Step Gert Steegmans 153e
18%
1 Intermarché-Wanty-Gobert Kobe Goossens 47e
18%
1 Alpecin-Fenix Jonas Rickaert 95e
16%
1 Wanty-Groupe Gobert Kévin Van Melsen 138e
16%
1 Saxo Bank Nick Nuyens 121e
16%
1 Trek Factory Racing Stijn Devolder 148e
16%
1 Vacansoleil-DCM Björn Leukemans Abandon
15%
1 Alpecin-Deceuninck Edward Planckaert 110e
15%
1 Cofidis Kenneth Vanbilsen 158e
15%
1 Intermarché-Wanty-Gobert Loïc Vliegen Abandon
15%
1 Lotto-Soudal Tosh Van der Sande Abandon
15%
1 Israel Start-Up Nation Tom Van Asbroeck 98e
14%
2 Wanty-Groupe Gobert Thomas Degand 34e
13%
4 Quick Step, Dimension Data Julien Vermote 75e
12%
2 Cofidis Romain Zingle 90e
12%
5 Quick Step, Rabobank, Belkin, Jumbo Maarten Wynants 117e
11%
1 Omega Pharma-Lotto Mario Aerts 33e
11%
3 Quick Step Kevin De Weert 12e
9%
1 Wanty-Groupe Gobert Timothy Dupont 131e
9%
2 Cofidis Dimitri Claeys 130e
7%
1 FDJ Gianni Meersman 77e
7%
2 Wanty-Groupe Gobert Frederik Backaert 120e
6%
1 Etixx-Quick Step Iljo Keisse 139e
6%
1 Katusha Stijn Vandenbergh Abandon
6%
2 Lotto Frederik Willems 163e
5%
1 Wanty-Groupe Gobert Pieter Vanspeybrouck 100e
5%
2 Lotto Francis De Greef 72e
4%
1 Cofidis Jan Ghyselinck 152e
4%
2 Quick Step, Lotto Jurgen Van de Walle 63e
2%
1 Quick Step Kevin Seeldraeyers 134e
2%
2 Vacansoleil-DCM Kris Boeckmans 115e
1%
Aucun quiz correspondant
Distribution des résultats
% des personnes avec chaque résultat
Percentile par nombre de réponses
Votre historique - résultats
Vous n’avez pas pris ce quiz depuis la dernière actualisation